McDonald’s Menu Items - Sudden Death - Statistics

General Stats
  • This quiz has been taken 319 times
    182 since last reset
  • The average score is 10 of 16
Answers on the Grid
Answers color-coded by a green-red scale on the quiz's grid according to % correct below.
Bean McStuffies
Big & Nasty Burger
Big Mac
Birdie’s Magic Gum
Chicken McNuggets
Chicken McWrap
Egg McMuffin
Filet-O-Fish
Fries
Grand Slam Breakfast
Grimace Shake
Happy Meal
Hot Pockets
Krusty Burger
Kula Shake
Maharaja Burger
McBlizzard
McCafé
McFlurry
McPizza
McRib
McTyphoon
Metro Shake
Mulan/Szechuan Sauce
Papa Burger
Popplers
Quarter Pounder
Shamrock Shake
Steamed Hams
Whopper
 
Answer Stats
Answer % Correct
Big Mac
90%
Fries
87%
Chicken McNuggets
84%
Egg McMuffin
84%
Happy Meal
82%
Filet-O-Fish
81%
McFlurry
74%
McCafé
67%
McRib
66%
Quarter Pounder
63%
Chicken McWrap
60%
Grimace Shake
56%
Shamrock Shake
46%
Mulan/Szechuan Sauce
28%
McPizza
25%
Maharaja Burger
9%
No matching quizzes found
Score Distribution
Percent of People with Each Score
Percentile by Number Answered
Your Score History
You have not taken this quiz since the last reset